|
|
|
|
| LEADER |
00905cam a2200277 7i4500 |
| 001 |
0000004579 |
| 005 |
20240131090000.0 |
| 008 |
240131b19681968nyu# ### #00001eng## |
| 040 |
# |
# |
|a UMT
|b eng
|c UMT
|e rda
|
| 090 |
0 |
0 |
|a QH 96
|b .C65 1968
|
| 100 |
1 |
# |
|a Coker, Robert Erwin 1876- .
|e author
|
| 245 |
1 |
0 |
|a Streams, lakes, ponds
|c by Robert E. Coker..
|
| 264 |
# |
1 |
|a New York:
|b Harper and Row,
|c [1968]
|
| 264 |
# |
4 |
|c ♭1968
|
| 300 |
# |
# |
|a xvi,327 pages:
|b illustrations;
|c 21 cm.
|
| 336 |
# |
# |
|a text --
|2 rdacontent
|
| 337 |
# |
# |
|a unmediated --
|2 rdamedia
|
| 338 |
# |
# |
|a volume --
|2 rdacarrier
|
| 490 |
1 |
# |
|a Harper Torch books.
|
| 504 |
# |
# |
|a Includes bibliography and index
|
| 504 |
# |
# |
|a Bibliography: p. [301]-316.
|
| 590 |
# |
# |
|a Koleksi Prof Dr. Ang Kok Jee
|
| 650 |
# |
0 |
|a Limnology
|
| 650 |
# |
0 |
|a Fresh-water biology.
|
| 830 |
# |
0 |
|a Harper Torch books.
|
| 999 |
|
|
|a 1000401614
|b Book
|c Open Shelf
|e KOLEKSI TERBUKA
|